Ahilyabai Holkar va tichee karkeerd (in Marathi) (Record no. 10568)

MARC details
000 -LEADER
fixed length control field 00306nam a2200121Ia 4500
082 ## - DEWEY DECIMAL CLASSIFICATION NUMBER
Classification number TL.0053
100 ## - MAIN ENTRY--AUTHOR NAME
Personal name Lohar, Raghunath Makadu
245 #0 - TITLE STATEMENT
Title Ahilyabai Holkar va tichee karkeerd (in Marathi)
260 ## - PUBLICATION, DISTRIBUTION, ETC. (IMPRINT)
Year of publication 1976
Name of publisher University of Pune
300 ## - PHYSICAL DESCRIPTION
Number of Pages 875p.
650 ## - SUBJECT ADDED ENTRY--TOPICAL TERM
Topical Term HOLKAR, AHILYABAI
942 ## - ADDED ENTRY ELEMENTS (KOHA)
Koha item type Thesis
Source of classification or shelving scheme Dewey Decimal Classification
Holdings
Withdrawn status Lost status Damaged status Not for loan Home library Current library Date acquired Full call number Accession Number Price effective from Koha item type
        NASSDOC Library NASSDOC Library 08/10/2004 TL.0053 9911 18/04/2019 Thesis